00293 a2200109 4500082001100000100001600011245006000027260003800087300002100125500001900146650001800165 a297.74 aFathi Yakan aProblems Faced by the Dawah and the DaiyahcFathi Yakan aIslamabad:bDawah Academy,c1998. a239 p. ;c19 cm. aIncludes Index aDawah (Islam)